000 00387pab a2200169 454500
008 180718b2008 xxu||||| |||| 00| 0 eng d
100 _aKshirsagar, J.B.
245 _aSpatial planning for Peri Urban Areas
260 _c2008
300 _ap.1-12.
362 _aJan-Mar
650 _aUrban planning
700 _aPawan Kumar
773 _aNagarlok
908 _aN
909 _a79769
999 _c79769
_d79769